000 00604nam a22001937a 4500
005 20260413133832.0
008 260413b |||||||| |||| 00| 0 eng d
020 _a0140248137 (pbk)
040 _cUE-CL
082 _a530.12
_bG8711
100 _aGribbin john
245 _aIn search of the double helix
_c/John gribbin
260 _aLondon:
_bPenguin books,
_c1985
300 _a369 P.
505 _aPart one Chapter one: Darwin up to date Chapter two: Mendel and the modern synthesis Chapter three: Sex and recombination
546 _aEnglish
650 _aSearch--Double--Helix
942 _cBK
999 _c26004
_d26003